000 00524nam a22002057a 4500
999 _c6665
_d6665
003 OSt
005 20200224145457.0
008 191211b ||||| |||| 00| 0 eng d
020 _a9780340947395
040 _cDDC
082 _a150 GRO 2012
100 _aGross,Richard;
_93607
245 _aKey studies Psychology.
250 _a5th ed.
260 _aUK,
_bHodder Education.
_c2012
300 _axiii,529p;
_bill,
_c26cm.
504 _aincludes references and index
650 _apsychology
_931
942 _2ddc
_cO_SHELF